000 00930cam a22002894a 4500
001 4983022
003 OSt
005 20240701115251.0
008 981221s1999 nyua b 001 0 eng
010 _a 98055782
020 _a0393973700
035 _a(DLC) 98055782
040 _aDLC
_cmust
_dDLC
042 _apcc
050 0 0 _aHB172
_b.V34 1999
082 0 0 _a339 VAL 1999
_221
100 1 _aVarian, Hal R.
_918355
245 1 0 _aIntermediate microeconomics :
_ba modern approach /
_cHal R. Varian.
250 _a5th ed.
260 _aNew York :
_bW.W. Norton & Co.,
_c1999.
300 _axviii, 662, 39 p. :
_bill. ;
_c24 cm.
504 _aIncludes bibliographical references and index.
650 0 _aMicroeconomics.
_94398
906 _a7
_bcbc
_corignew
_d1
_eocip
_f19
_gy-gencatlg
942 _2ddc
_cO_SHELF
999 _c9027
_d9027